| 000 -LEADER |
| fixed length control field |
00664cam a2200193 i 4500 |
| 003 - CONTROL NUMBER IDENTIFIER |
| control field |
OSt |
| 005 - DATE AND TIME OF LATEST TRANSACTION |
| control field |
20200317110858.0 |
| 008 - FIXED-LENGTH DATA ELEMENTS--GENERAL INFORMATION |
| fixed length control field |
161027s2017 enka b 001 0 eng |
| 020 ## - INTERNATIONAL STANDARD BOOK NUMBER |
| International Standard Book Number |
9781138940987 (paperback) |
| 082 00 - DEWEY DECIMAL CLASSIFICATION NUMBER |
| Classification number |
712 |
| Edition number |
23 |
| Item number |
CUR |
| 100 1# - MAIN ENTRY--PERSONAL NAME |
| Personal name |
Cureton, Paul. |
| 245 10 - TITLE STATEMENT |
| Title |
Strategies for landscape representation : |
| Remainder of title |
digital and analogue techniques / |
| Statement of responsibility, etc |
Paul Cureton. |
| 300 ## - PHYSICAL DESCRIPTION |
| Extent |
x, 248 pages : |
| Other physical details |
chiefly color illustrations, maps ; |
| Dimensions |
25 cm |
| 504 ## - BIBLIOGRAPHY, ETC. NOTE |
| Bibliography, etc |
Includes bibliographical references and index. |
| 650 #0 - SUBJECT ADDED ENTRY--TOPICAL TERM |
| Topical term or geographic name as entry element |
Landscape architectural drawing. |
| 650 #0 - SUBJECT ADDED ENTRY--TOPICAL TERM |
| Topical term or geographic name as entry element |
Landscape architecture |
| General subdivision |
Simulation methods. |
| 650 #0 - SUBJECT ADDED ENTRY--TOPICAL TERM |
| Topical term or geographic name as entry element |
Landscapes |
| General subdivision |
Models. |
| 942 ## - ADDED ENTRY ELEMENTS (KOHA) |
| Source of classification or shelving scheme |
|